Normal view
MARC view
Entry Topical Term
001 - CONTROL NUMBER
- control field: 25556
003 - CONTROL NUMBER IDENTIFIER
- control field: dpl
005 - DATE AND TIME OF LATEST TRANSACTION
- control field: 20110125112333.0
008 - FIXED-LENGTH DATA ELEMENTS
- fixed length control field: 110125|||a|||||| | ||| d
040 ## - CATALOGING SOURCE
- Original cataloging agency: dpl
- Transcribing agency: dpl
150 ## - HEADING--TOPICAL TERM
- Topical term or geographic name as entry element: Civil service
- Geographic subdivision: India.
670 ## - SOURCE DATA FOUND
- Source citation: Work cat.: (dpl)0: Shanthakumari Sunder, L. 25555, Values and influence of religion in public administration /, 2011
670 ## - SOURCE DATA FOUND
- Source citation: Work cat.: (dpl)0: Shanthakumari Sunder, L. 25555, Values and influence of religion in public administration /, 2011
